European Convention threatens change for adjudication (Record no. 65764)
[ view plain ]
| 000 -LEADER | |
|---|---|
| fixed length control field | 01268cam a2200217 4500 |
| 001 - CONTROL NUMBER | |
| control field | ABS63295 |
| 008 - FIXED-LENGTH DATA ELEMENTS--GENERAL INFORMATION | |
| fixed length control field | 000000n2001 000 0 eng u |
| 035 ## - SYSTEM CONTROL NUMBER | |
| System control number | (Sirsi) u110282 |
| 100 ## - MAIN ENTRY--PERSONAL NAME | |
| Personal name | Button, R |
| 245 ## - TITLE STATEMENT | |
| Title | European Convention threatens change for adjudication |
| 260 ## - PUBLICATION, DISTRIBUTION, ETC. | |
| Date of publication, distribution, etc. | 2001 |
| 490 ## - SERIES STATEMENT | |
| Series statement | CSM (Chartered Surveyor Monthly) |
| Volume/sequential designation | January 2001, 33(1) |
| 520 ## - SUMMARY, ETC. | |
| Summary, etc. | Discusses the implication of the Human Rights Act 1998 on the adjudication process. The article warns that until there is a definitive ruling from the courts as to whether or not adjudication is subject to the Human Rights Act, adjudicators need to proceed carefully. The article looks at past cases that reflect on the situation and the attitudes of the courts towards adjudication. The article ends with a caveat for adjudicators to avoid any behaviour that could be deemed unfair and the need to end the uncertainty soon in order to keep adjudication a credible process. |
| 590 ## - LOCAL NOTE (RLIN) | |
| Local note | ABS |
| 650 ## - SUBJECT ADDED ENTRY--TOPICAL TERM | |
| Topical term or geographic name entry element | MANAGEMENT-DISPUTE AVOIDANCE, MANAGEMENT AND RESOLUTION-DISPUTE MANAGEMENT AND RESOLUTION-ALTERNATIVE DISPUTE RESOLUTION-ADJUDICATION |
| 650 ## - SUBJECT ADDED ENTRY--TOPICAL TERM | |
| Topical term or geographic name entry element | HUMAN RIGHTS ACT 1998 |
| 650 ## - SUBJECT ADDED ENTRY--TOPICAL TERM | |
| Topical term or geographic name entry element | PROCEDURAL UNFAIRNESS |
| 690 ## - LOCAL SUBJECT ADDED ENTRY--TOPICAL TERM (OCLC, RLIN) | |
| Topical term or geographic name as entry element | Dispute resolution |
| 9 (RLIN) | 6236 |
| 700 ## - ADDED ENTRY--PERSONAL NAME | |
| Personal name | Mills, R |
| 942 ## - ADDED ENTRY ELEMENTS (KOHA) | |
| Suppress in OPAC | 0 |
| Withdrawn status | Lost status | Source of classification or shelving scheme | Damaged status | Not for loan | Home library | Current library | Shelving location | Date acquired | Total Checkouts | Full call number | Barcode | Date last seen | Copy number | Price effective from | Koha item type |
|---|---|---|---|---|---|---|---|---|---|---|---|---|---|---|---|
| Dewey Decimal Classification | London | London | Journal article | 10/01/2001 | ABS63295 | 110282-1001 | 06/08/2019 | 1 | 06/08/2019 | Journal article |